[Event "Belgrade tt Cup"]
[Site "Belgrade"]
[Date "2005.04.09"]
[Round "5"]
[White "Damjanovic, Dragan"]
[Black "Vucinic, Pero"]
[Result "1-0"]
[WhiteElo "2260"]
[BlackElo "2300"]
[PlyCount "109"]
[EventDate "2005.04.05"]
[EventType "team-tourn"]
[EventRounds "5"]
[EventCountry "YUG"]
[SourceTitle "CBM 105 Extra"]
[Source "ChessBase"]
[SourceDate "2005.05.01"]
[SourceVersion "1"]
[SourceVersionDate "2005.05.01"]
[SourceQuality "1"]

1. d4 Nf6 2. c4 e6 3. Nc3 d5 4. Nf3 Be7 5. Bf4 c6 6. e3 0-0 7. Qc2 b6 8. a3 Bb7 9. Rd1 Nbd7 10. h3 Rc8 11. Bd3 c5 12. cxd5 exd5 13. Ne5 cxd4 14. exd4 Ne4 15. Nxd7 Qxd7 16. 0-0 f5 17. f3 Nxc3 18. bxc3 Bxa3 19. g4 Bd6 20. Bxf5 Rxf5 21. Bxd6 Rf7 22. Be5 Qc6 23. Rc1 Ba6 24. Rf2 Qh6 25. Re1 Qc6 26. Re3 Bc4 27. f4 a5 28. f5 a4 29. Qb2 Bb3 30. Qa3 b5 31. Rfe2 Bc4 32. Re1 h5 33. Bd6 Bb3 34. Kg2 Bc2 35. Kg3 Be4 36. Be5 Qd7 37. Kh4 hxg4 38. hxg4 Rc6 39. Kg3 Bxf5 40. gxf5 Qxf5 41. Qa2 Qg5+ 42. Kh2 Rh6+ 43. Rh3 Rxh3+ 44. Kxh3 Qh5+ 45. Kg2 Qg4+ 46. Bg3 Qf3+ 47. Kh2 Rf5 48. Qg2 Qxc3 49. Re5 Rf3 50. Rg5 Rxg3 51. Qxd5+ Kf8 52. Rf5+ Ke8 53. Re5+ Kf8 54. Qd6+ Kg8 55. Qe6+ 1-0

[Event "Belgrade Trophy 18th"]
[Site "Obrenovac"]
[Date "2005.??.??"]
[Round "1"]
[White "Vucinic, Pero"]
[Black "Aleksic, Neven"]
[Result "1-0"]
[WhiteElo "2296"]
[BlackElo "2003"]
[PlyCount "79"]
[EventDate "2005.11.22"]
[EventType "swiss"]
[EventRounds "9"]
[EventCountry "YUG"]
[SourceTitle "CBM 109 Extra"]
[Source "ChessBase"]
[SourceDate "2006.01.03"]
[SourceVersion "2"]
[SourceVersionDate "2006.01.03"]
[SourceQuality "1"]

1. e4 Nf6 2. Nc3 d5 3. exd5 Nxd5 4. Bc4 Nb6 5. Bb3 Nc6 6. Nf3 Bf5 7. 0-0 e6 8. d4 Na5 9. Bg5 f6 10. Bf4 Nxb3 11. axb3 g5 12. Bg3 c6 13. Re1 Kf7 14. h4 h6 15. Ne4 Nd5 16. c4 Nf4 17. Qd2 Nh5 18. Qe3 Qd7 19. Nxf6 Kxf6 20. Be5+ Kg6 21. Bxh8 Kh7 22. Be5 g4 23. Nd2 Be7 24. g3 b6 25. Ne4 a5 26. Red1 Rf8 27. Nc3 Bg6 28. Qe2 Rf3 29. c5 Qd8 30. cxb6 Qxb6 31. Qc4 Bf5 32. Rdc1 Bf6 33. Bxf6 Nxf6 34. Qc5 Qc7 35. Qe5 Qd8 36. Rxa5 Kg6 37. Ra7 Rd3 38. Ne2 Nd5 39. Rg7+ Kh5 40. Qxd5 1-0

[Event "Belgrade Trophy 18th"]
[Site "Obrenovac"]
[Date "2005.??.??"]
[Round "9"]
[White "Vucinic, Pero"]
[Black "Bantic, Mihail"]
[Result "0-1"]
[WhiteElo "2296"]
[BlackElo "2119"]
[PlyCount "154"]
[EventDate "2005.11.22"]
[EventType "swiss"]
[EventRounds "9"]
[EventCountry "YUG"]
[SourceTitle "CBM 109 Extra"]
[Source "ChessBase"]
[SourceDate "2006.01.03"]
[SourceVersion "2"]
[SourceVersionDate "2006.01.03"]
[SourceQuality "1"]

1. e4 e5 2. Nf3 Nc6 3. Bc4 Nf6 4. d4 exd4 5. e5 d5 6. Bb5 Ne4 7. Nxd4 Bd7 8. Bxc6 bxc6 9. 0-0 Bc5 10. Be3 0-0 11. f3 Ng5 12. Nc3 Bb6 13. Qd2 h6 14. Nb3 Qe7 15. f4 Ne6 16. Rae1 f5 17. Na4 Bc8 18. Qc3 Ba6 19. Rf3 Bc4 20. Nd4 Bxd4 21. Bxd4 Nxd4 22. Qxd4 Qb4 23. Nc3 c5 24. Qf2 d4 25. b3 Be6 26. Nd1 Rad8 27. c3 Qa5 28. c4 Rfe8 29. Re2 Qa3 30. Rb2 Rb8 31. Qd2 Red8 32. Nf2 Bxc4 33. Rc2 Bd5 34. Rg3 Be6 35. Qd1 Qa5 36. Nd3 c4 37. bxc4 Bf7 38. h3 Qa6 39. Qc1 Qc6 40. Kh2 Rb6 41. c5 Rb5 42. Qd2 Rb1 43. Qf2 Rd1 44. e6 Qxe6 45. Re2 Qf6 46. Re5 Ra1 47. Nb4 a5 48. Qb2 Rf1 49. Nd3 Bc4 50. Qd2 Bf7 51. Qxa5 Rxf4 52. Qxc7 Rf1 53. Re7 Re8 54. Rxe8+ Bxe8 55. Qd6 f4 56. Rf3 Rxf3 57. Qxf6 Rxh3+ 58. Kxh3 gxf6 59. Kg4 Kf7 60. Kxf4 Bc6 61. g4 Ke6 62. Nb4 Bb5 63. Ke4 Be2 64. a4 Bxg4 65. Nd3 Bf5+ 66. Kxd4 Bxd3 67. Kxd3 Kd5 68. Ke3 Kxc5 69. Kf4 Kb4 70. Kg4 Kxa4 71. Kf5 h5 72. Kf4 Kb4 73. Kg3 f5 74. Kh4 f4 75. Kh3 Kc4 76. Kg2 Kd4 77. Kf3 Ke5 0-1

[Event "YUG-chT"]
[Site "Igalo"]
[Date "1994.??.??"]
[Round "8"]
[White "Vucinic, Pero"]
[Black "Ristic, Nebojsa M"]
[Result "0-1"]
[WhiteElo "2315"]
[BlackElo "2395"]
[PlyCount "82"]
[EventDate "1994.??.??"]
[EventType "team"]
[EventRounds "9"]
[EventCountry "YUG"]
[SourceTitle "EXT 2002"]
[Source "ChessBase"]
[SourceDate "2001.11.25"]
[SourceVersion "1"]
[SourceVersionDate "2001.11.25"]
[SourceQuality "1"]

1. e4 e5 2. Nf3 Nc6 3. d4 exd4 4. Bc4 Nf6 5. e5 d5 6. Bb5 Ne4 7. Nxd4 Bc5 8. 0-0 0-0 9. Bxc6 bxc6 10. Be3 Bxd4 11. Bxd4 c5 12. Be3 d4 13. Bf4 c4 14. Qe2 Qd5 15. Rd1 Ba6 16. Nc3 Nxc3 17. bxc3 d3 18. Qg4 Rae8 19. Rac1 Re6 20. Qf3 Qxf3 21. gxf3 f6 22. exf6 Rfxf6 23. Be3 Rxf3 24. cxd3 cxd3 25. c4 Rg6+ 26. Kf1 Rg4 27. Ke1 Bxc4 28. Bxa7 c6 29. Kd2 Bb5 30. Bc5 Rg2 31. h4 Rfxf2+ 32. Bxf2 Rxf2+ 33. Ke3 Re2+ 34. Kf3 Rxa2 35. Ra1 Rh2 36. Kg3 Re2 37. Rf1 Re8 38. Ra7 Bc4 39. Rf4 d2 40. Rd4 Re3+ 41. Kf4 Rd3 0-1

[Event "YUG-chT"]
[Site "Cetinje"]
[Date "1993.??.??"]
[Round "5"]
[White "Notaros, Krasoje"]
[Black "Vucinic, Pero"]
[Result "1-0"]
[WhiteElo "2355"]
[BlackElo "2325"]
[PlyCount "123"]
[EventDate "1993.??.??"]
[EventType "team"]
[EventRounds "11"]
[EventCountry "YUG"]
[SourceTitle "EXT 2002"]
[Source "ChessBase"]
[SourceDate "2001.11.25"]
[SourceVersion "1"]
[SourceVersionDate "2001.11.25"]
[SourceQuality "1"]

1. Nf3 d5 2. c4 e6 3. g3 Nf6 4. Bg2 c6 5. b3 Nbd7 6. Bb2 Bd6 7. d4 0-0 8. 0-0 Ne4 9. Nbd2 f5 10. Qc2 Qe7 11. Ne5 Nxd2 12. Qxd2 Nxe5 13. dxe5 Bb4 14. Qd3 Ba3 15. Bxa3 Qxa3 16. e3 Kh8 17. Rfc1 b6 18. Qd4 c5 19. Qh4 Ba6 20. cxd5 exd5 21. Bxd5 Rad8 22. Bc4 Bxc4 23. Qxc4 Qb2 24. e6 Qe5 25. Rd1 Rde8 26. a4 Rxe6 27. Ra2 Qe4 28. a5 Qc6 29. axb6 axb6 30. Qd5 Qe8 31. Ra7 Re7 32. Ra6 Qb5 33. Ra8 Ree8 34. Ra7 h6 35. Qd7 Qxd7 36. Rdxd7 Rg8 37. Rab7 Re6 38. Rf7 Rg6 39. Rxf5 Ra8 40. h4 Ra1+ 41. Kg2 Ra8 42. h5 Rd6 43. Rff7 g5 44. Kf3 Kg8 45. Kg4 Rad8 46. Rg7+ Kh8 47. Rh7+ Kg8 48. e4 Rf6 49. Rbg7+ Kf8 50. Rg6 Rxf2 51. Rh8+ Ke7 52. Rxd8 Kxd8 53. Rxb6 Re2 54. Rxh6 Rxe4+ 55. Kxg5 Re3 56. g4 Kc7 57. Rf6 Rxb3 58. h6 c4 59. h7 Rb8 60. Rh6 Rh8 61. Kg6 c3 62. Rh3 1-0